মনুসংহিতা / (Record no. 39851)
[ view plain ]
| 000 -LEADER | |
|---|---|
| fixed length control field | 00785nam a2200217 a 4500 |
| 001 - CONTROL NUMBER | |
| control field | 39851 |
| 003 - CONTROL NUMBER IDENTIFIER | |
| rucl marc code | BD-RjUL |
| 005 - DATE AND TIME OF LATEST TRANSACTION | |
| control field | 20211209053055.0 |
| 008 - FIXED-LENGTH DATA ELEMENTS--GENERAL INFORMATION | |
| fixed length control field | 160419s1993 xxu|||| |||| 00| 0 ben d |
| 020 ## - INTERNATIONAL STANDARD BOOK NUMBER | |
| Terms of availability | : IRs. 140.00 |
| 035 ## - SYSTEM CONTROL NUMBER | |
| System control number | (BD-RjUL)39965 |
| 040 ## - CATALOGING SOURCE | |
| Original cataloging agency | BD-RjUL |
| Language of cataloging | ben |
| Transcribing agency | BD-RjUL |
| 041 ## - LANGUAGE CODE | |
| Language code of text/sound track or separate title | ben |
| 082 ## - DEWEY DECIMAL CLASSIFICATION NUMBER | |
| Edition number | 23 |
| Classification number | 294 |
| Author mark and year | MON 1993 |
| 245 ## - TITLE STATEMENT | |
| Title | মনুসংহিতা / |
| Statement of responsibility, etc. | যুক্ত পঞ্চানন তর্করত্ন সম্পাদিত |
| 260 ## - PUBLICATION, DISTRIBUTION, ETC. (IMPRINT) | |
| Place of publication, distribution, etc. | কলিকাতা : |
| Name of publisher, distributor, etc. | সংস্কৃত, |
| Date of publication, distribution, etc. | ১৯৯৩ |
| 300 ## - PHYSICAL DESCRIPTION | |
| Pagination | [৪] ৩৫৫ পৃ. ; |
| Size | ২৫ সেমি. |
| 650 ## - SUBJECT ADDED ENTRY--TOPICAL TERM | |
| Topical term or geographic name as entry element | Indic Religion |
| 9 (RLIN) | 122777 |
| 700 ## - ADDED ENTRY--PERSONAL NAME | |
| Personal name | তর্করত্ন, যুক্ত পঞ্চানন সম্পাদিত |
| 942 ## - ADDED ENTRY ELEMENTS (KOHA) | |
| Source of classification or shelving scheme | Dewey Decimal Classification |
| Koha item type | Books |
| Lost status | Source of classification or shelving scheme | Damaged status | Not for loan | Collection code | Permanent Location | Current Location | Shelving location | Date acquired | Source of acquisition | Cost, normal purchase price | Total Checkouts | Full call number | Date last seen | Copy number | Koha item type | Date checked out |
|---|---|---|---|---|---|---|---|---|---|---|---|---|---|---|---|---|
| Dewey Decimal Classification | Non-fiction | Central Library, University of Rajshahi | Central Library, University of Rajshahi | 27/05/1996 | North Bengal Library, Rajshahi | 196.00 | B 294 MON 1993 | 19/04/2016 | C-3 | Books | ||||||
| Dewey Decimal Classification | Non-fiction | Central Library, University of Rajshahi | Central Library, University of Rajshahi | 29/05/1996 | Uttar Bongo Library, Rajshahi | 196.00 | B 294 MON 1993 | 02/06/2016 | C-2 | Books | ||||||
| Dewey Decimal Classification | Non-fiction | Central Library, University of Rajshahi | Central Library, University of Rajshahi | 27/05/1996 | Uttor Bango Library, Rajshahi | 140.00 | 4 | B 294 MON 1993 | 11/02/2020 | C-4 | Books | 28/01/2020 | ||||
| Dewey Decimal Classification | Not For Loan | Non-fiction | Central Library, University of Rajshahi | Central Library, University of Rajshahi | 27/05/1996 | Uttorbanga Library : Rajshahi | 196.00 | B 294 MON 1993 | 07/12/2016 | C-1 | Books |